000 00521nam a2200193Ia 4500
005 20250326143230.0
008 250326s9999 xx 000 0 und d
020 _a81-7041-359-1
037 _aTextbook
040 _aFMSL
_beng
_cFMSL
041 _aeng
_2eng
084 _aX:89Q P3
_qFMSL
100 _aGhosh A K
_9211078
245 0 _aProduction management
_cGhosh A K; Kumar P
260 _aNew Delhi
_bNew Delhi, Anmol
_c2003
300 _a341p
942 _cTB
_hX:89Q P3
999 _c1298704
_d1298704